« Retourner aux résultats de recherche
Santosh
| Auteur principal: | Sandhya Suri |
|---|---|
| D'autres auteurs: | Luisa Gerstein Shahana Goswami Sanjay Bishnoi Sunita Rajwar Kushal Dubey Shashi Beniwal |
| Support: | DVD |
| Langue: | Hindi |
| Publié: |
2024 Blaq out France |
| Genre: |
Film |
| Sujets: | |
| Étiquettes: |
Ajouter
Pas de Tags !
|
| LEADER | 01159ngm0a2200265 450 | ||
|---|---|---|---|
| 001 | 16847445 | ||
| 100 | |a 20241031d2024 u u0frey01 ba | ||
| 101 | 0 | |a hin | |
| 102 | |a IN | ||
| 200 | 0 | |a Santosh |f Sandhya Suri, réal. |g Luisa Gerstein, comp. - Sandhya Suri, scénario - Shahana Goswami, Sanjay Bishnoi, Sunita Rajwar, Kushal Dubey, Shashi Beniwal, ... [et al.] act. | |
| 207 | 1 | |a | |
| 210 | |a France |c Blaq out |d 2024 | ||
| 215 | |a 1 DVD vidéo monoface zone 2 (2 h 03 min) |c 16/9, coul., (PAL), Son. (Dolby Digital 2.0; hindi); (Dolby Digital 5.1; hindi) | ||
| 300 | |a Langues principales : hindi; Sous-titres : français | ||
| 330 | |a Santosh a 28 ans lorsque son mari policier meurt tragiquement. Elle hérite de son poste et devient à son tour agent de police... | ||
| 700 | 0 | |a Suri |b Sandhya |4 370 | |
| 702 | 0 | |a Gerstein |b Luisa |4 230 | |
| 702 | 0 | |a Goswami |b Shahana |4 5 | |
| 702 | 0 | |a Bishnoi |b Sanjay |4 5 | |
| 702 | 0 | |a Rajwar |b Sunita |4 5 | |
| 702 | 0 | |a Dubey |b Kushal |4 5 | |
| 702 | 0 | |a Beniwal |b Shashi |4 5 | |
| 900 | |a Film | ||
| 901 | |a Accessible au prêt | ||
| 995 | |a Bibliothèque |c Bibliothèque |f 00156011852993 |h 00156011852993 |k F SUR |o p |q a |r gd |e Bibliothèque | ||
